000 00387nam a2200133Ia 4500
008 221030s9999 xx 000 0 und d
041 _aEnglish
100 _aCDM - College of Defence Management
245 0 _aCase Method of Instruction
_cby CDM - College of Defence Management
260 _bDefence Management
_aSecunderabad
_c1995
300 _a68
650 _aManagement
942 _cBK
999 _c18408
_d18408